000 01314nam0a22003011 4500
001 rc\322535
005 20260406165918.0
010 _a5-12-000661-2
_9700
035 _a(NLR Aleph) 005556792
090 _a5868774
_c5868774
100 _a20030307d1989 |||y0rusy50 ca
101 0 _arus
102 _aRU
105 _ay |||||||||
200 1 _aУкраинско-чехословацкие интернациональные связи
_eСб. науч. тр.
_fАН УССР, Ин-т истории, Чехосл. акад. наук, Чехосл.-сов. ин-т
_g[Редкол.: Аморт Ч., Мельникова И.Н. (отв. редакторы) и др.]
210 _aКиев
_cНаукова думка
_d1989
215 _a259, [2] с.
_d22
300 _aИзд. подгот. совместно с ЧССР
320 _aБиблиогр. в примеч. в конце ст.
702 1 _aАморт
_bЧ.
_gЧестмир
_4340
702 1 _aМельникова
_bИ.Н.
_gИрина Николаевна
_4340
712 0 2 _aИнститут истории
_cКиев
712 0 2 _aЧехословацко-Советский ин-т
_cПрага
_3RU\NLR\AUTH\889937222
_9369221
801 0 _aRU
_bNLR
_gpsbo
801 1 _aRU
_bELAR
_2rusmarc
852 _aNLR
_j89-5/3643
942 _cBOOK
980 _aNB